| 000 | 00383 a2200169 4500 | ||
|---|---|---|---|
| 001 | 184644 | ||
| 020 | _a85-215-0928-6 | ||
| 040 | _cMagnum | ||
| 100 | _aAraújo, Zeneida Lima de | ||
| 240 | 1 | 0 |
_aLendas da amazônia _lpor |
| 245 | 1 | 0 | _aLendas da amazônia |
| 300 | _a79 | ||
| 362 | 0 | _a2005 | |
| 440 | 1 | _aAo Livro Técnico | |
| 697 | _aLITERATURA INFANTO-JUVENIL | ||
| 942 | _cBK | ||
| 999 |
_c184644 _d184644 |
||